Tilastot visalle Euroopan valtiot kahden ensimmäisen kirjaimen mukaan

Klikkaa tästä pelataksesi tätä visaa!

Yleistilastot

  • Tätä visaa on pelattu 1 227 kertaa
    (880 viimeisimmän päivityksen jälkeen)
  • Keskiarvotulos 36 / 45

Vastaukset kartalla

Vastauksille on annettu kartalla punavihreä väri sen mukaan, kuinka moni on saanut sen oikein.
 

Vastaustilastot

Valtio% Oikein
Suomi
98%
Ruotsi
97%
Norja
96%
Yhdistynyt kuningaskunta
96%
Islanti
95%
Saksa
95%
San Marino
95%
Ranska
93%
Espanja
91%
Italia
91%
Itävalta
91%
Liechtenstein
90%
Liettua
90%
Pohjois-Makedonia
90%
Irlanti
89%
Puola
89%
Viro
89%
Latvia
88%
Portugali
88%
Venäjä
88%
Alankomaat
85%
Tanska
85%
Ukraina
85%
Belgia
83%
Valko-Venäjä
82%
Vatikaani
82%
Kreikka
76%
Kroatia
76%
Albania
75%
Sveitsi
75%
Romania
74%
Moldova
73%
Monaco
73%
Montenegro
73%
Slovakia
72%
Slovenia
72%
Tšekki
72%
Bulgaria
68%
Unkari
68%
Luxemburg
65%
Serbia
60%
Andorra
55%
Bosnia ja Hertsegovina
54%
Malta
47%
Kosovo
45%

Tulosjakauma

Persentiili vastausten määrän mukaan

Jokaisen tuloksen saaneiden osuus

Tuloshistoriasi

Et ole pelannut tätä visaa sen viimeisimmän päivityksen jälkeen